[Event "Olympiad Women 2024"]
[Site "Budapest HUN"]
[Date "2024.09.15"]
[Round "5.34"]
[Board "4"]
[White "Ruba Al-Qudah"]
[Black "Eftovska, Lea"]
[Result "1-0"]
[WhiteElo "1937"]
[BlackElo "1839"]
[PlyCount "129"]
[EventDate "2024.09.11"]
[WhiteTeam "Jordan"]
[BlackTeam "North Macedonia"]
[WhiteTeamCountry "JOR"]

1. e4 e5 2. Bc4 Nf6 3. d3 c6 4. Nf3 Be7 5. O-O d6 6. Re1 O-O 7. Nbd2 Nbd7 8. a4 ({RR} 8. a3 Nc5 9. Ba2 Be6 10. Nc4 b5 11. Ne3 Bxa2 12. Rxa2 g6 13. Bd2 Re8 14. b4 Na4 15. c4 Bf8 16. Qb3 a6 17. Rc2 Ra7 18. cxb5 cxb5 19. Nd5 Nxd5 20. Qxd5 Qa8 21. Rc6 Rc8 22. Rec1 Rxc6 {½-½ Grischuk,A (2792)-Aronian,L (2815) Norway Chess blitz 2nd 2014 (8)}) ({RR} 8. Nf1 b5 9. Bb3 Nc5 10. Ng3 a5 11. c3 Nxb3 12. axb3 h6 13. h3 Be6 14. d4 Qc7 15. Be3 Rfd8 16. Qc2 c5 17. d5 Bd7 18. Qd2 Kh7 19. Nh2 a4 20. bxa4 Rxa4 21. f4 Rda8 22. Rxa4 Rxa4 {1-0 Drygalov,A (2475)-Gritsenko,N (2309) Titled Tue 16th Jan Late 2024 (5)}) 8... Qc7 9. Nf1 Re8 10. Ne3 $146 ({RR} 10. d4 Nb6 11. Bd3 Bg4 12. Be3 Rad8 13. h3 Bc8 14. a5 Nbd7 15. dxe5 dxe5 16. Bxa7 Bb4 17. c3 Bxa5 18. Be3 Bb6 19. Qc2 Nc5 20. Bc4 Ncxe4 21. Bxb6 Qxb6 22. Bd3 Nxf2 23. Bxh7+ Nxh7 24. Qxf2 Qxf2+ {0-1 Mboyisa,N (1495)-Roberts,M (1854) Kinross USSA op 2018 (3)}) 10... h6 11. c3 Nf8 12. Qb3 Be6 13. Bxe6 Nxe6 14. Nf5 Bf8 15. Bd2 Kh7 16. Rad1 g6 17. Ng3 Nc5 18. Qc2 a5 19. d4 Ne6 20. Bc1 Rad8 21. h3 Bg7 22. dxe5 dxe5 23. Be3 Nd7 24. Ne2 Ndc5 25. b4 Na6 26. Qb3 axb4 27. cxb4 Qe7 28. Rb1 Rd7 29. Bb6 Nd4 30. Nexd4 exd4 31. Qc4 d3 32. b5 Nb8 33. Rbd1 Qe6 34. Qxe6 Rxe6 35. Ba7 Re8 36. Re3 cxb5 37. axb5 Rde7 38. Bxb8 Rxb8 39. Rdxd3 Rc8 40. Rd5 Rc4 41. Nd2 Rc1+ 42. Kh2 Be5+ 43. g3 Bc7 44. Kg2 Bb6 45. Red3 Rcc7 46. Kf3 Kg7 47. g4 f6 48. Nb3 Kf7 49. Rd6 Re6 50. R6d5 Rce7 51. Nd2 Rc7 52. Rd7+ Re7 53. R7d6 Re6 54. Rd8 Rc2 55. R3d7+ Re7 56. Rxe7+ Kxe7 57. Rb8 Rc7 58. Rh8 Ke6 59. Rb8 Kd6 60. Ke2 Kc5 61. Rf8 Kxb5 62. Rxf6 Rg7 63. f4 Bd4 64. Rd6 Kc5 65. Rd5+ 1-0

[Event "Olympiad Women 2024"]
[Site "Budapest HUN"]
[Date "2024.09.15"]
[Round "5.35"]
[Board "1"]
[White "Kanyamarala, Trisha"]
[Black "Ampaire, Shakira"]
[Result "1/2-1/2"]
[WhiteElo "2179"]
[BlackElo "1839"]
[PlyCount "119"]
[EventDate "2024.09.11"]
[WhiteTeam "Ireland"]
[BlackTeam "Uganda"]
[WhiteTeamCountry "IRL"]
[BlackTeamCountry "UGA"]

1. d4 d5 2. c4 dxc4 3. e3 e5 4. Bxc4 exd4 5. exd4 Qe7+ 6. Ne2 Qb4+ 7. Nd2 Nf6 8. O-O Bd6 9. Qb3 $146 ({RR} 9. Ng3 O-O 10. Qc2 Be6 11. Bxe6 fxe6 12. Nf3 Nc6 13. Bd2 Nxd4 14. Nxd4 Qxd4 15. Bc3 Qg4 16. Qb3 b6 17. Rae1 Nd5 18. Re4 Qg6 19. Rfe1 Nxc3 20. bxc3 Bxg3 21. hxg3 Qf7 22. f3 c5 23. Rf4 Qd7 {1-0 Liebzeit,M (1565)-Anderson,G (1411) Winnipeg Gr-D GP final 2004 (3)}) ({RR} 9. a3 Qb6 10. Re1 O-O 11. Nc3 Qxd4 12. Nb5 Qg4 13. Be2 Qd7 14. Nf3 Nc6 15. Bg5 Ne4 16. Bh4 a6 17. Nxd6 Qxd6 18. Bd3 Nc5 19. Re3 Bg4 20. Bxh7+ Kh8 21. Bc2 Nd4 22. Be7 Bxf3 23. gxf3 Qf4 {1-0 Nascimento,P (1847)-Magalhaes,S (1770) Brasilia-ch 53rd 2013 (6)}) 9... O-O 10. Qxb4 Bxb4 11. Nf3 Bg4 12. Ne5 Bxe2 13. Bxe2 Nbd7 14. Bf3 c6 15. Bg5 Nxe5 16. dxe5 Nd7 17. a3 h6 18. Bf4 Ba5 19. Rad1 Rfd8 20. Bg4 Nf8 21. Bg3 Rxd1 22. Rxd1 Rd8 23. Rxd8 Bxd8 24. Bc8 b6 25. f4 Ne6 26. f5 Nd4 27. Kf2 Kf8 28. Ke3 c5 29. Ke4 Bg5 30. Bf2 Bc1 31. b4 Bxa3 32. bxc5 bxc5 33. Ba6 Nc6 34. Bb7 Na5 35. Bd5 Bb4 36. Kd3 f6 37. e6 Ke7 38. Bg3 c4+ 39. Kc2 Nb3 40. Bf2 Bc5 41. Be1 Nd4+ 42. Kc3 Nxf5 43. Kxc4 Bd6 44. Bf2 Bxh2 45. Bxa7 Bf4 46. Bc5+ Bd6 47. Bf2 g5 48. Kd3 Ng7 49. Ke4 f5+ 50. Kf3 g4+ 51. Ke2 Nxe6 52. Bh4+ Kd7 53. Kf1 Nf4 54. Bf7 Be7 55. Bf2 Bg5 56. Bc5 Nd3 57. Bd4 Kd6 58. Bc4 Nc5 59. Bxc5+ Kxc5 60. Be6 1/2-1/2

[Event "Olympiad Women 2024"]
[Site "Budapest HUN"]
[Date "2024.09.15"]
[Round "5.35"]
[Board "2"]
[White "Amoko, Ivy Claire"]
[Black "Mirza, Diana"]
[Result "0-1"]
[WhiteElo "1820"]
[BlackElo "1962"]
[PlyCount "74"]
[EventDate "2024.09.11"]
[WhiteTeam "Uganda"]
[BlackTeam "Ireland"]
[WhiteTeamCountry "UGA"]
[BlackTeamCountry "IRL"]

1. e4 {Primel,Dominique} c5 2. Nf3 Nc6 3. d4 cxd4 4. Nxd4 e6 5. Nc3 a6 6. Be3 Qc7 7. Qf3 ({RR} 7. Qd2 Nf6 8. f4 Bb4 9. Bd3 Na5 10. a3 Bxc3 11. Qxc3 Qxc3+ 12. bxc3 d5 13. exd5 exd5 14. Nb3 Nc4 15. Bd4 Ne4 16. Nc5 Nxc5 17. Bxc5 Bd7 18. O-O-O O-O-O 19. Bxc4 dxc4 20. Bb6 Rde8 21. Rd4 Re6) 7... Nf6 ({RR} 7... b5 8. O-O-O) ({RR} 7... d6) ({RR} 7... Bd6 8. O-O-O Be5 9. g3 Nge7 10. Qe2 b5 11. Qd2 Nxd4 12. Bxd4 Bxd4 ({RR} 12... b4) 13. Qxd4 O-O 14. Qd6) 8. O-O-O Bb4 ({RR} 8... Be7) ({RR} 8... d6) 9. Nxc6 ({RR} 9. Bf4 d6 10. Nxc6 Qxc6 11. Bd2 O-O) 9... Qxc6 ({RR} 9... bxc6) ({RR} 9... dxc6) ({RR} 9... Bxc3 10. Nd4 Bb4 11. Bf4 e5 12. Bh6) 10. Bd4 Bxc3 11. Bxc3 Qxe4 12. Qg3 ({RR} 12. Qxe4 Nxe4 13. Bxg7 Rg8 ({RR} 13... Nxf2 14. Bxh8 Nxh1 15. Bd4) 14. Bd4 f5 15. f3) 12... Qg6 ({RR} 12... Nh5 13. Qd6 Rg8 14. Kb1 Qf4 15. Qc5 Nf6 16. Bb4 Nd5 17. Rxd5 exd5 18. Qe7# {1-0 Agrest,I (2284)-Aishwarya N (1482) Swiss Queens Wed #9 2024 (6.157)}) 13. Qh4 ({RR} 13. Qe5 O-O 14. Bd3 Qg4 15. f3 Qh5 16. Qg3 Ne8 17. f4) ({RR} 13. f3 Qxg3 14. hxg3 Ke7 15. g4) 13... Ne4 $146 ({RR} 13... h6 14. Kb1 ({RR} 14. Qb4 Nd5 ({RR} 14... Ne4 15. Bxg7 ({RR} 15. Bd3 Qg5+)) ({RR} 14... a5 15. Qa3 ({RR} 15. Qd6 Ne4)) 15. Rxd5 exd5 16. Bd3) 14... O-O ({RR} 14... Qh5 15. Qxh5 Nxh5 16. Rd6 Ke7 ({RR} 16... O-O 17. g4 Nf6 18. f3 Ne8 19. Rb6) 17. Bb4) 15. Bd3 Qg5 16. Qd4 Re8 17. f4 Qg4 18. h3 Qg3 19. Be1 e5 20. Qxe5 ({RR} 20. Bxg3 exd4 21. Bf2 d5 22. Bxd4 Ne4 23. Rhe1 Bf5 ({RR} 23... Nd6 24. Rxe8+ Nxe8 25. Re1 Bd7 26. Re7) 24. g4) 20... Qxg2 {0-1 Primel,D (1998)-Grochal,J (2255) Cappelle op 34th 2018 (5.55)}) ({RR} 13... Qg4 14. Bxf6) ({RR} 13... h5 14. Bd3 Qg4 15. Bxf6 gxf6 16. Qxf6 Rg8 17. g3 Qg5+ 18. Qxg5 Rxg5 19. h4 Rg8 20. Be2 Rh8 21. c4 b6 22. Bf3 Ra7 23. Rhe1 Rc7 24. b3 Bb7 25. Be2 b5 26. Kb2 bxc4 27. Bxc4 Ke7 28. Be2 {½-½ Lizak,J (2235)-Lis,M (2113) Krakow op-A 28th 2017 (7)}) 14. Bxg7 Qxg7 15. Qxe4 f5 16. Qe3 O-O 17. f4 d5 18. c4 dxc4 19. Bxc4 Qc7 20. Qc3 Qxf4+ 21. Kb1 b5 22. Bb3 Ra7 23. Rd4 Qg5 24. Rc1 Qf6 25. Qe3 Re7 26. Rd6 Kf7 27. Rf1 Rg8 28. Qh3 Kg7 29. Re1 Kh8 30. Qe3 Rxg2 31. Re2 Rxe2 32. Qxe2 Kg7 33. a3 Qg6 34. Qe5+ Kf7 35. Ka2 Qf6 36. Qc5 Re8 37. Bd5 Qe5 0-1

[Event "Olympiad Women 2024"]
[Site "Budapest HUN"]
[Date "2024.09.15"]
[Round "5.35"]
[Board "3"]
[White "Gora, Antonina"]
[Black "Sana Omprakash Kayyar"]
[Result "0-1"]
[WhiteElo "1943"]
[BlackElo "1937"]
[PlyCount "106"]
[EventDate "2024.09.11"]
[WhiteTeam "Ireland"]
[BlackTeam "Uganda"]
[WhiteTeamCountry "IRL"]
[BlackTeamCountry "UGA"]

1. e4 e5 2. Nf3 Nc6 3. Bc4 Nf6 4. d3 Bc5 5. O-O a6 6. a4 O-O 7. h3 h6 8. Re1 d6 9. c3 Ba7 10. Nbd2 Re8 11. Nf1 Be6 12. Bb3 Bxb3 $146 ({RR} 12... d5 13. exd5 Nxd5 14. Bc2 Qd6 15. Ng3 f5 16. Nh4 Rf8 17. Nh5 Kh7 18. Qd2 Qe7 19. Nf3 Nf6 20. Ng3 Qd6 21. Nh4 Qd7 22. a5 Rae8 23. Kh1 Nd5 24. Kh2 Qd8 25. Nhxf5 Bxf5 26. Nxf5 Rxf5 27. d4 {1-0 Kineva,E (2126)-Savina,A (2325) EU-ch (Women) 13th 2012 (7)}) ({RR} 12... d5 13. exd5 Bxd5 14. Bc2 Qd7 15. Ng3 Rad8 16. Be3 Bxe3 17. Rxe3 Nh7 18. Qe2 Bxf3 19. Qxf3 Ng5 20. Qf5 g6 21. Qxd7 Rxd7 22. f4 Nh7 23. Rae1 Rde7 24. fxe5 Rxe5 25. Kf2 Nf6 26. d4 Rxe3 27. Rxe3 {1-0 Sathvik Adiga (2365)-Srivatsan Karthikeyan (1851) Titled Tue 6th Aug Early 2024 (1)}) 13. Qxb3 Qd7 14. Ng3 Ne7 15. Nh4 d5 16. Qc2 Rad8 17. Be3 Bxe3 18. Rxe3 dxe4 19. dxe4 g6 20. Nf3 Nc8 21. Ne1 Nd6 22. b3 h5 23. f3 Re7 24. Nd3 Nde8 25. Nf1 Ng7 26. Rae1 c6 27. Nb2 Ne6 28. Nc4 Qc7 29. a5 Nf4 30. Kh2 Qd7 31. Nb6 Qe6 32. Nd2 h4 33. Ndc4 N6h5 34. Rd1 Rxd1 35. Qxd1 Qf6 36. Qe1 Qg5 37. Qf2 Re8 38. Nd7 Re7 39. Ncb6 Nxg2 40. Qxg2 Qxe3 41. b4 Qf4+ 42. Kg1 Qc1+ 43. Kf2 Ng3 44. Nf6+ Kg7 45. Ng4 Qd2+ 46. Kg1 Qe1+ 47. Kh2 Nf1+ 48. Kh1 Ng3+ 49. Kh2 Re8 50. Nc4 Nf1+ 51. Kh1 Ne3+ 52. Qg1 Qxg1+ 53. Kxg1 Nxc4 0-1

[Event "Olympiad Women 2024"]
[Site "Budapest HUN"]
[Date "2024.09.15"]
[Round "5.35"]
[Board "4"]
[White "Kawuma Patricia"]
[Black "Putar, Lara"]
[Result "1-0"]
[WhiteElo "1839"]
[BlackElo "1911"]
[PlyCount "87"]
[EventDate "2024.09.11"]
[WhiteTeam "Uganda"]
[BlackTeam "Ireland"]
[WhiteTeamCountry "UGA"]
[BlackTeamCountry "IRL"]

1. d4 Nf6 2. c4 e6 3. g3 d5 4. Bg2 c6 5. Nd2 Be7 6. Ngf3 O-O 7. Qc2 Nbd7 8. O-O c5 9. b3 ({RR} 9. cxd5 Nxd5 10. a3 cxd4 11. Nxd4 Ne5 12. b4 Bd7 13. Bb2 Nc6 14. N2f3 Nxd4 15. Nxd4 a5 16. b5 a4 17. Rab1 Qb6 18. Rfd1 Rfd8 19. Rd3 Be8 20. Nf5 exf5 21. Rxd5 Rxd5 22. Bxd5 Bd7 23. e4 Rc8 {1-0 Eljanov,P (2692)-Vydeslaver,A (2397) ISR-chT 08 Israel 2007 (9.1)}) 9... cxd4 ({RR} 9... dxc4 10. Nxc4 Rb8 11. Bb2 cxd4 12. Nxd4 b5 13. Nc6 Qe8 14. Nxb8 bxc4 15. Nxd7 Qxd7 16. Qxc4 Bb7 17. Rfd1 Bd5 18. Qd3 Qb7 19. Bxf6 Bxf6 20. Bxd5 exd5 21. Rac1 d4 22. e3 dxe3 23. Qxe3 h5 24. Rc2 {1-0 Lewis,B (1812)-Coker,T (1728) British Universities-ch 2022 (9.2)}) 10. Nxd4 Bc5 $146 ({RR} 10... e5 11. N4f3 e4 12. Nd4 Bc5 13. Bb2 e3 14. fxe3 Ng4 15. Qd3 Nge5 16. Qc3 Qg5 17. Rf4 Qh5 18. h3 Nf6 19. N4f3 Nxf3+ 20. exf3 Qg5 21. Nf1 Nh5 {½-½ Martin,D-Coore,A Wch U16 Duisburg 1992 (4)}) ({RR} 10... Qc7 11. Bb2 b6 12. Nb5 Qb8 13. cxd5 Nxd5 14. Bxd5 exd5 15. Nc7 Bb7 16. Nxa8 Qxa8 17. Nf3 Nc5 18. Qf5 Ne4 19. Rfd1 g6 20. Qf4 g5 21. Qf5 Bc8 22. Qxd5 Bb7 23. Qf5 Bc8 24. Qd5 Bb7 25. Qd7 {1-0 Zavatta,B-Dalak,S Olympiad Women-32 1996 (2)}) 11. Bb2 e5 12. N4f3 Qc7 13. e3 Re8 14. Rac1 e4 15. Nd4 dxc4 16. Nxc4 Bxd4 17. Bxd4 b6 18. Qb1 Qb8 19. Rfd1 Bb7 20. Bb2 Nd5 21. Bxe4 Nc3 22. Bxh7+ Kf8 23. Bxc3 Nc5 24. Nd6 Re6 25. Nxb7 Qxb7 26. Bf5 Rh6 27. b4 Ne6 28. Be4 Qb8 29. Bxa8 Qxa8 30. Be5 Ng5 31. Qf5 Nf3+ 32. Kf1 Re6 33. Bf4 Nd4 34. Rxd4 Qh1+ 35. Ke2 Qxc1 36. Qd3 Qc6 37. Rd6 Qa4 38. Rxe6 Qxa2+ 39. Qd2 Qc4+ 40. Kf3 fxe6 41. Qd8+ Kf7 42. Qc7+ Qxc7 43. Bxc7 Ke7 44. Be5 1-0

[Event "Olympiad Women 2024"]
[Site "Budapest HUN"]
[Date "2024.09.15"]
[Round "5.36"]
[Board "1"]
[White "Henderson de La Fuente, Andrea"]
[Black "Partac, Elena"]
[Result "1-0"]
[WhiteElo "1986"]
[BlackElo "2078"]
[PlyCount "123"]
[EventDate "2024.09.11"]
[WhiteTeam "Andorra"]
[BlackTeam "Moldova"]
[WhiteTeamCountry "AND"]
[BlackTeamCountry "MDA"]

1. e4 c5 2. Nc3 e6 3. Nge2 a6 4. g3 h5 ({RR} 4... d6 5. Bg2 Nf6 6. O-O Be7 7. d3 Nc6 8. h3 h6 9. f4 d5 10. g4 d4 11. e5 dxc3 12. exf6 Bxf6 13. bxc3 Qc7 14. Rb1 O-O 15. Be3 Ne7 16. c4 Ng6 17. Be4 Re8 18. Qd2 Nh4 19. Kh1 {1-0 Jobava,B (2650)-Ehlvest,J (2610) Moscow Aeroflot op-A 2007 (6)}) ({RR} 4... d6 5. Bg2 Nf6 6. d3 Be7 7. O-O O-O 8. h3 Qc7 9. f4 Nc6 10. Be3 b5 11. a3 Bb7 12. Kh2 Nd7 13. f5 Bf6 14. Nf4 Rfe8 15. Nh5 Nd4 16. fxe6 fxe6 17. Rc1 Be5 18. Qg4 Nf8 19. Nd1 {0-1 Partac,E (2080)-Pahor,A EU-ch U14 Girls 1998 (1)}) 5. h3 b5 6. Bg2 Bb7 7. a3 $146 ({RR} 7. d4 cxd4 8. Nxd4 Nf6 9. O-O h4 10. g4 b4 11. Nd5 exd5 12. exd5 Bc5 13. Bg5 Kf8 14. Nf5 d6 15. Qd2 Nbd7 16. Rae1 Ne5 17. Kh1 a5 18. f4 Nc4 19. Qc1 Bc8 20. Nxg7 Kxg7 21. b3 Na3 {½-½ Cornette,M (2532)-Rapport,R (2701) Politiken Cup 36th 2014 (4)}) ({RR} 7. d4 b4 8. Nb1 cxd4 9. Nxd4 Nf6 10. Nd2 Qc7 11. O-O Bc5 12. N2b3 Bxe4 13. Bxe4 Nxe4 14. Qf3 d5 15. Nxc5 Qxc5 16. Be3 Qc7 17. Rfc1 h4 18. Qg4 hxg3 19. Qxg7 gxf2+ 20. Kg2 Rh7 21. Qg8+ Ke7 {0-1 Dudognon,T (2294)-Larkin,V (2399) Rochefort op 20th 2022 (9)}) 7... Nf6 8. d3 d5 9. exd5 Nxd5 10. O-O Nxc3 11. Nxc3 Bxg2 12. Kxg2 Nc6 13. Be3 Nd4 14. Bxd4 cxd4 15. Ne4 Be7 16. f4 g6 17. a4 Rc8 18. axb5 axb5 19. Rf2 Qd5 20. Qf3 h4 21. g4 f5 22. gxf5 gxf5 23. Ng5 Qxf3+ 24. Nxf3 Rg8+ 25. Kh2 Bf6 26. Re2 Rc6 27. Ra7 Rg3 28. Rf2 Rxf3 29. Rxf3 Rxc2+ 30. Kg1 Rxb2 31. Rf2 Rxf2 32. Kxf2 Be7 33. Ke2 b4 34. Rb7 Kd8 35. Kd1 Bd6 36. Ke2 Bxf4 37. Rxb4 Be3 38. Rb7 Bg5 39. Kf3 Be7 40. Kf4 Bd6+ 41. Kg5 Be7+ 42. Kg6 f4 43. Kf7 f3 44. Kxe6 f2 45. Rb1 Bg5 46. Rf1 Be3 47. Kf5 Ke7 48. Kg4 Kf6 49. Kxh4 Kf5 50. Kg3 Kg5 51. h4+ Kh5 52. Rxf2 Bxf2+ 53. Kxf2 Kxh4 54. Kf3 Kg5 55. Ke4 Kf6 56. Kxd4 Ke6 57. Kc5 Kd7 58. Kd5 Kc7 59. Ke6 Kd8 60. Kd6 Ke8 61. d4 Kd8 62. d5 1-0

[Event "Olympiad Women 2024"]
[Site "Budapest HUN"]
[Date "2024.09.15"]
[Round "5.36"]
[Board "2"]
[White "Verbin, Valentina"]
[Black "De la Riva Real, Ariadna"]
[Result "1-0"]
[WhiteElo "2071"]
[BlackElo "1823"]
[PlyCount "43"]
[EventDate "2024.09.11"]
[WhiteTeam "Moldova"]
[BlackTeam "Andorra"]
[WhiteTeamCountry "MDA"]
[BlackTeamCountry "AND"]

1. e4 c5 2. Nf3 g6 3. c3 d5 4. exd5 Qxd5 5. d4 Nc6 6. Be3 cxd4 ({RR} 6... Bh6 7. Na3 cxd4 8. Nb5 Qd8 9. Nfxd4 Bxe3 10. fxe3 Bd7 11. Nxc6 bxc6 12. Nd4 Nf6 13. Bc4 Qb8 14. Nb3 O-O 15. Qf3 a5 16. O-O a4 17. Nc5 Qxb2 18. Nxd7 Nxd7 19. Bxf7+ Kg7 20. Qxc6 Ne5 21. Qd5 {0-1 Vajda,L (2534)-Maghsoodloo,P (2699) Titled Tuesday intern op 10th May Late blitz 2022 (5)}) 7. cxd4 Nf6 $146 ({RR} 7... Bg7 8. Nc3 Qa5 9. Be2 Nf6 10. O-O O-O 11. h3 Rd8 12. Qc1 h5 13. Rd1 Be6 14. a3 Rac8 15. b4 Nxb4 16. axb4 Qxb4 17. Bd2 a5 18. Qa3 Qxa3 19. Rxa3 b6 20. Rb1 Rd6 21. Nb5 Rd7 22. Ne5 {½-½ Liu,H (1721)-Tavana,J (1814) Scarborough CC-ch 2019 (6.8)}) ({RR} 7... Bg7 8. Nc3 Qa5 9. d5 Nb8 10. Rc1 Bd7 11. Qb3 b5 12. Bd2 Qb6 13. Nxb5 Na6 14. Bf4 Qa5+ 15. Bd2 Qb6 16. Qa4 Rb8 17. Qxa6 Bxb5 18. Rc8+ Kd7 19. Rxb8 Bxa6 20. Rxb6 Bxf1 21. Rb3 Bxg2 22. Rg1 {1-0 Lu,M (2392)-Baldursson,R (1989) Reykjavik Open 2024 (2.36)}) ({RR} 7... Bg4 8. Be2 Bg7 9. Nc3 Qa5 10. O-O Rd8 11. Qb3 Qb6 12. Qxb6 axb6 13. h3 Bxf3 14. Bxf3 Bxd4 15. Bxd4 Rxd4 16. Rfd1 Rxd1+ 17. Rxd1 Nf6 18. Na4 Nd7 19. b4 Nde5 20. Bxc6+ Nxc6 21. b5 Na7 22. Nxb6 {½-½ Groz,J (2063)-Vanheirzeele,D (2130) Paris European Corporate 1st 2017 (9.3)}) 8. Nc3 Qa5 9. d5 Nb8 10. Qb3 Nbd7 11. Bc4 Ne4 12. O-O Nd6 13. Bd4 f6 14. Nb5 Bg7 15. Rfe1 Kf7 16. Qe3 Ne5 17. Nxe5+ fxe5 18. Bxe5 Nxc4 19. Qf4+ Bf5 20. Qxc4 Rac8 21. Qb3 e6 22. Nd6+ 1-0

[Event "Olympiad Women 2024"]
[Site "Budapest HUN"]
[Date "2024.09.15"]
[Round "5.36"]
[Board "3"]
[White "Muratet Carmona, Julia"]
[Black "Bargan, Victoria"]
[Result "1/2-1/2"]
[WhiteElo "1816"]
[BlackElo "1941"]
[PlyCount "64"]
[EventDate "2024.09.11"]
[WhiteTeam "Andorra"]
[BlackTeam "Moldova"]
[WhiteTeamCountry "AND"]
[BlackTeamCountry "MDA"]

1. e4 c6 2. Nc3 d5 3. Nf3 Bg4 4. h3 Bxf3 5. Qxf3 e6 6. d4 dxe4 7. Qxe4 Nf6 8. Qd3 Be7 9. Be2 O-O 10. O-O Nbd7 11. Bf4 Nd5 12. Nxd5 ({RR} 12. Bg3 N7f6 13. Ne4 Nxe4 14. Qxe4 Bd6 15. Bxd6 Qxd6 16. a3 Rad8 17. Rad1 h6 18. Rfe1 Rfe8 19. c3 c5 20. dxc5 Qxc5 21. c4 Nf6 22. Qc2 a5 23. Qb3 b6 24. Bf3 Nd7 25. Qc3 Qc7 26. b4 axb4 {0-1 Souleidis,G (2418)-Llari,M (2226) Titled Tue 16th Jul Early 2024 (5)}) 12... cxd5 13. Qb3 $146 ({RR} 13. Rfc1 Bg5 14. Bxg5 Qxg5 15. c4 dxc4 16. Rxc4 Rac8 17. Rac1 Qxc1+ 18. Rxc1 Rxc1+ 19. Kh2 Nf6 20. Bf3 Rc7 21. Qb5 Rd8 22. a4 b6 23. a5 bxa5 24. Qxa5 Rcd7 25. Bc6 Rxd4 26. Qxa7 Rb4 27. Qa3 Rdb8 {0-1 Garcia,G (1963)-Garkauskas,O (2149) Anapolis Liga University 2014 (5.5)}) 13... Nb6 14. Bd3 Bd6 15. Be3 Qc7 16. c3 Rfc8 17. Qc2 h6 18. Qe2 Nc4 19. Bc1 a6 20. Qg4 Kh8 21. Qh4 Qe7 22. Qh5 Qf6 23. f4 Bf8 24. f5 Nd6 25. fxe6 Qxe6 26. Bd2 Rc7 27. Rae1 Ne4 28. Bxe4 dxe4 29. Qe5 Qxe5 30. dxe5 Bc5+ 31. Kh1 Rd8 32. Bc1 e3 1/2-1/2

[Event "Olympiad Women 2024"]
[Site "Budapest HUN"]
[Date "2024.09.15"]
[Round "5.36"]
[Board "4"]
[White "Petricenco, Ana"]
[Black "Real Puigdollers, Silvia"]
[Result "1-0"]
[WhiteElo "1894"]
[BlackElo "1781"]
[PlyCount "45"]
[EventDate "2024.09.11"]
[WhiteTeam "Moldova"]
[BlackTeam "Andorra"]
[WhiteTeamCountry "MDA"]
[BlackTeamCountry "AND"]

1. e4 d6 2. d4 Nf6 3. Nc3 e5 4. Nf3 Nbd7 5. Bc4 Be7 6. a4 O-O 7. O-O c6 8. Re1 b6 9. h3 Bb7 10. Ba2 ({RR} 10. b3 a6 11. Bb2 Re8 12. Bd3 Bf8 13. Qd2 Qc7 14. Rad1 g6 {½-½ Ovetchkin,R (2534)-Lysyj,I (2576) Stone Flower-A 2007 (7)}) 10... Rc8 11. Be3 ({RR} 11. dxe5 dxe5 12. Nh4 c5 13. Nf5 c4 14. Qe2 Bb4 15. Bg5 Qc7 16. Nb5 Qb8 17. Bd2 Bc5 18. Qf3 a6 19. Nc3 Rfe8 20. Rad1 b5 21. axb5 axb5 22. Qg3 g6 23. Bg5 Bc6 24. Qh4 Re6 25. Nd5 Bxd5 {½-½ Fiedorek,M (2289)-Seres,L (2362) Vezerkepzo IM Winter 2023 (7.5)}) 11... Qc7 $146 ({RR} 11... a6 12. Nh4 d5 13. dxe5 Nxe5 14. Nf5 Bb4 15. Bd4 Ng6 16. exd5 c5 17. Bxf6 Qxf6 18. Qf3 c4 19. Ne4 Qxb2 20. c3 Bc5 21. Bxc4 Bxf2+ 22. Qxf2 Qxf2+ 23. Kxf2 Rxc4 24. Ned6 Rc7 25. c4 Bc8 26. g4 {1-0 Galdunts,S (2425)-Zeidler,A (2204) Oberliga Ost-B 1314 2013 (3.2)}) ({RR} 11... a6 12. Qd3 b5 13. Rad1 Qa5 14. Ne2 c5 15. dxe5 Nxe5 16. Nxe5 dxe5 17. Ng3 c4 18. Qe2 Rfd8 19. Bg5 g6 20. Ra1 Qb6 21. b3 c3 22. axb5 axb5 23. b4 Kg7 24. Bb3 h6 25. Be3 Qc6 26. Ra5 {½-½ Harshavardhan,G (2367)-Seres,L (2378) Budapest FS06 GM 2022 (8)}) 12. Qe2 h6 13. Rad1 Rfe8 14. dxe5 dxe5 15. Nh4 Nf8 16. Qf3 Bd8 17. Nf5 Be7 18. Bxh6 Rcd8 19. Bxg7 Rxd1 20. Rxd1 Bc8 21. Bxf6 Bxf6 22. Qg4+ Ng6 23. Qxg6+ 1-0

[Event "Olympiad Women 2024"]
[Site "Budapest HUN"]
[Date "2024.09.15"]
[Round "5.37"]
[Board "1"]
[White "Noshin, Anjum"]
[Black "Marape, Naledi"]
[Result "0-1"]
[WhiteElo "2085"]
[BlackElo "1926"]
[PlyCount "120"]
[EventDate "2024.09.11"]
[WhiteTeam "Bangladesh"]
[BlackTeam "Botswana"]
[WhiteTeamCountry "BAN"]
[BlackTeamCountry "BOT"]

1. e4 c5 2. Nf3 d6 3. d4 cxd4 4. Nxd4 Nf6 5. Nc3 a6 6. f3 e5 7. Nb3 Be7 8. Be3 Be6 9. Qd2 h5 10. O-O-O Nbd7 11. Kb1 b5 12. h4 ({RR} 12. Nd5 Bxd5 13. exd5 Nb6 14. Bxb6 Qxb6 15. Na5 Rc8 16. Nc6 Nxd5 17. Nxe7 Nxe7 18. Qxd6 Qxd6 19. Rxd6 Nc6 20. Rd2 Ke7 21. Bd3 Rhd8 22. Rhd1 g6 23. c3 Na5 24. Re2 Kf6 25. h4 Nb7 26. Red2 Nc5 {½-½ Caruana,F (2783)-Duda,J (2750) Candidates Tournament 2022 (3)}) 12... Qc7 13. a3 $146 ({RR} 13. Nd5 Nxd5 14. exd5 Bf5 15. Bd3 Bxd3 16. Qxd3 Rc8 17. Nd2 Qb7 18. Ne4 Nf6 19. Nxf6+ Bxf6 20. Bg5 Rc4 21. g3 Be7 22. b3 Rd4 23. Qe2 Rxd5 24. Rxd5 Qxd5 25. Rd1 Qc6 26. Qd3 g6 27. f4 Bxg5 {0-1 Van Dael,S (2291)-Zwirs,N (2467) 85th Tata Steel Qualifier 2023 (2.4)}) ({RR} 13. Nd5 Bxd5 14. exd5 Nb6 15. Bxb6 Qxb6 16. Na5 O-O 17. Nc6 Rfe8 18. Bd3 Rac8 19. Be4 g6 20. g4 Rxc6 21. dxc6 d5 22. Bxd5 hxg4 23. fxg4 e4 24. Qg5 Nxd5 25. Qxd5 e3 26. Rdf1 {1-0 Sengupta,D (2491)-Kazakouski,V (2603) Najdorf Mem Open A 2024 (7.1)}) ({RR} 13. Bg5 b4 14. Nd5 Bxd5 15. exd5 Qb6 16. g4 hxg4 17. fxg4 Ne4 18. Qg2 Nf2 19. Be2 Nxd1 20. Bxd1 Bxg5 21. hxg5 Rxh1 22. Qxh1 Nf8 23. Qh5 Qg1 24. Kc1 Qe3+ 25. Nd2 a5 26. g6 fxg6 27. Qh8 Kf7 {0-1 Kandeel,A-Della Morte,P (2285) NWC Int Cup 2nd blitz 2020 (5)}) 13... Nb6 14. Bxb6 Qxb6 15. Nd5 Bxd5 16. exd5 a5 17. Be2 b4 18. a4 Kf8 19. Bb5 Ra7 20. Qe2 Nd7 21. Nd2 Nc5 22. Nc4 Qc7 23. f4 e4 24. f5 Qd8 25. Qf2 Bf6 26. Qf4 Be7 27. Nd2 Bf6 28. Nxe4 Nxe4 29. Qxe4 Be5 30. Qe3 Re7 31. Qd3 Rc7 32. Bc6 Rc8 33. Rde1 Qb6 34. Re4 Qd8 35. Rhe1 Rh6 36. Qf3 Kg8 37. R1e3 Qf6 38. Rb3 Qd8 39. Ka2 Qb6 40. Bd7 Rxc2 41. Re2 Rc1 42. Qe3 Qxe3 43. Rbxe3 Rc5 44. Bc6 Rf6 45. Rf3 Rc4 46. g3 Rg4 47. Ree3 Rd4 48. Kb1 Rg4 49. Bd7 Kf8 50. Re2 Ke7 51. Bc6 g6 52. Rfe3 Rxf5 53. Bb7 Rf1+ 54. Ka2 Rg1 55. Rc2 R1xg3 56. Rxe5+ dxe5 57. Rc7+ Kd6 58. Rxf7 Rf4 59. Rg7 b3+ 60. Ka3 Rf1 0-1